| 000 | 00441nam a22001817a 4500 | ||
|---|---|---|---|
| 003 | NUST - PNEC | ||
| 005 | 20170116180824.0 | ||
| 008 | 150630b xxu||||| |||| 00| 0 eng d | ||
| 020 | _a- | ||
| 040 | _cLibrary | ||
| 082 | _a516.182 WHE | ||
| 100 |
_94268 _aLeaton E.H. |
||
| 245 |
_aVectors _c E.H. Leaton |
||
| 260 |
_aLondon _bGeorge Allen & Unwin _cc1968. |
||
| 300 | _a176 p. : | ||
| 650 |
_94269 _aMathmatics _xMe |
||
| 942 |
_2ddc _cBK |
||
| 999 |
_c63832 _d63832 |
||